|
|
|
|
| LEADER |
01254nam a2200325 a 4500 |
| 001 |
15198020 |
| 003 |
BD-DhAAL |
| 005 |
20250713152708.0 |
| 008 |
091115s2009 enk b 000 0 eng d |
| 010 |
|
|
|a 2008923980
|
| 020 |
|
|
|a 9781412935692 (hbk.)
|
| 020 |
|
|
|a 1412935695 (hbk.)
|
| 020 |
|
|
|a 1412935709 (pbk.)
|
| 020 |
|
|
|a 9781412935708 (pbk.)
|
| 040 |
|
|
|a UKM
|c UKM
|d BTCTA
|d BAKER
|d YDXCP
|d BWKUK
|d BWK
|d BWX
|d CDX
|d AGL
|d DLC
|
| 082 |
0 |
4 |
|a 351
|2 22
|
| 100 |
1 |
|
|a Bevir, Mark.
|9 3255
|
| 245 |
1 |
0 |
|a Key concepts in governance /
|c Mark Bevir.
|
| 260 |
|
|
|a Los Angeles ;
|a London :
|b SAGE,
|c 2009.
|
| 300 |
|
|
|a ix, 218 pages ;
|c 22 cm.
|
| 490 |
0 |
|
|a SAGE key concepts
|
| 504 |
|
|
|a Includes bibliographical references (p. 210-218).
|
| 526 |
|
|
|x Requisitioned by Faculties of BBS
Course name and no : N/A
|
| 541 |
1 |
|
|a Karim International
|e 00019596
|
| 650 |
|
0 |
|a Public administration.
|
| 650 |
|
0 |
|a State, The.
|
| 852 |
4 |
|
|a Ayesha Abed Library
|j General Shelf
|
| 942 |
|
|
|2 ddc
|c BK
|
| 999 |
|
|
|c 5521
|d 5521
|
| 952 |
|
|
|0 0
|1 0
|2 ddc
|4 0
|6 351_BEV
|7 0
|9 5396
|a BRACUL
|b BRACUL
|c GEN
|d 2009-11-14
|e Karim Interantional
|g 1625.00
|l 4
|m 15
|o 351 BEV
|p 3010019596
|r 2019-02-20
|s 2018-11-29
|t 1
|w 2009-11-15
|y BK
|x Requisitioned by Faculties of BBS. Course name and no. "not available".
|